Les 10 meilleurs entraîneurs all time - Statistiques

Statistiques générales
  • Ce quiz a été pris 164 fois
  • Le résultat moyen est 6 sur 10
Statistiques - réponses
Joueur % Correct
1. Pep Guardiola
92%
2. Carlo Ancelotti
88%
4. Jose Mourinho
80%
8. Zinedine Zidane
80%
9. Jurgen Klopp
64%
3. Sir Alex Ferguson
64%
7. Didier Deschamps
63%
6. Arsène Wenger
38%
5. Johan Cruyff
34%
10. Vicente del Bosque
21%
Aucun quiz correspondant
Distribution des résultats
% des personnes avec chaque résultat
Percentile par nombre de réponses
Votre historique - résultats
Vous n’avez pas pris ce quiz